| 000 | 00545nam a2200217Ia 4500 | ||
|---|---|---|---|
| 003 | OSt | ||
| 005 | 20230408131921.0 | ||
| 008 | 210423s2017 xx 000 0 und d | ||
| 020 | _a978-93-272-8155-2 | ||
| 040 | _cAL | ||
| 041 | _aeng | ||
| 082 |
_a346.066 _223 _bGARC |
||
| 100 |
_aGARG (K C);GUPTA (Vijay);DHINGRA (Joy) _985093 |
||
| 245 | _aCompany law | ||
| 260 |
_aLudhiana _bKalyani Publishers _c2017 |
||
| 300 |
_avi,481 _bPB |
||
| 365 |
_b325 _cINR |
||
| 650 |
_aCompany Law _985094 |
||
| 906 | _aCompany ; law | ||
| 942 |
_2ddc _cBK |
||
| 999 |
_c169475 _d169475 |
||